00591nam a22001577a 450000500170000000800410001702000280005804100130008608200140009910000250011324501730013825000190031126000470033030000300037765000260040720231102131154.0231102b |||||||| |||| 00| 0 eng d a0702107883 ; 0702107891 aEnglish  a346.6 HAH aHahlo, HR lEnglish  aSouth African Company Law through the cases : bA collection of leading South African and English cases on company law, with explanatory notes and comments / cHR Hahlo aThird Edition  aCape Town : bJuta and Company Ltd, c1977 bxl, 747 pages ; c26 cm.  aLegal practice bLaw